Composition of foreign trade in a developing economy : India : A case study (Record no. 11884)

MARC details
000 -LEADER
fixed length control field 00453nam a2200157Ia 4500
082 ## - DEWEY DECIMAL CLASSIFICATION NUMBER
Classification number TL.0039
100 ## - MAIN ENTRY--AUTHOR NAME
Personal name Lodha, Rikhab Raj
245 #0 - TITLE STATEMENT
Title Composition of foreign trade in a developing economy : India : A case study
260 ## - PUBLICATION, DISTRIBUTION, ETC. (IMPRINT)
Year of publication 1977
Name of publisher University of Jodhpur
300 ## - PHYSICAL DESCRIPTION
Number of Pages 219p. + C D - 60
650 ## - SUBJECT ADDED ENTRY--TOPICAL TERM
Topical Term INDIA - ECONOMIC CONDITIONS
650 ## - SUBJECT ADDED ENTRY--TOPICAL TERM
Topical Term INDIA - ECONOMIC POLICY
650 ## - SUBJECT ADDED ENTRY--TOPICAL TERM
Topical Term INDIA - COMMERCE
710 ## - ADDED ENTRY--CORPORATE NAME
Corporate name or jurisdiction name as entry element Elhance, D.N.
942 ## - ADDED ENTRY ELEMENTS (KOHA)
Koha item type Thesis
Source of classification or shelving scheme Dewey Decimal Classification
Holdings
Withdrawn status Lost status Damaged status Not for loan Home library Current library Date acquired Full call number Accession Number Price effective from Koha item type
        NASSDOC Library NASSDOC Library 08/10/2004 TL.0039 10904 18/04/2019 Thesis